[Event "Foment Martinenc op-A 22nd"]
[Site "Barcelona"]
[Date "2022.04.30"]
[Round "2"]
[White "Juncosa Padros, Ernest"]
[Black "Jimenez Ruano, Adrian"]
[Result "0-1"]
[WhiteElo "1838"]
[BlackElo "2245"]
[PlyCount "58"]
[EventDate "2022.04.23"]
[EventType "swiss"]
[EventRounds "9"]
[EventCountry "ESP"]
[SourceTitle "EXT 2023"]
[Source "ChessBase"]
[SourceDate "2022.10.05"]
[SourceVersion "1"]
[SourceVersionDate "2022.10.05"]
[SourceQuality "1"]

1. d4 d5 2. c4 e6 3. Nc3 a6 4. cxd5 exd5 5. Bf4 Nf6 6. e3 c5 7. Nf3 c4 8. Be2 Nc6 9. Ne5 Bb4 10. 0-0 0-0 11. Rc1 h6 12. Qa4 Qb6 13. b3 Bxc3 14. Rxc3 Nxe5 15. dxe5 Ne4 16. Rcc1 Qg6 17. Rfd1 b5 18. Qa5 Be6 19. Bf3 Rfc8 20. Qb6 Rab8 21. Qd4 Nc5 22. Bxd5 Nd3 23. Rb1 Bxd5 24. Qxd5 Rd8 25. Qf3 c3 26. e6 c2 27. Bxb8 cxb1Q 28. Rxb1 Ne5 29. exf7+ Kf8 0-1

[Event "ESP-ch U16"]
[Site "Salobrena"]
[Date "2021.07.23"]
[Round "7"]
[White "Juncosa Padros, Ernest"]
[Black "Diaz Perez, Michel Alejandro"]
[Result "0-1"]
[WhiteElo "1826"]
[BlackElo "2459"]
[PlyCount "94"]
[EventDate "2021.07.19"]
[EventType "swiss"]
[EventRounds "9"]
[EventCountry "ESP"]
[SourceTitle "EXT 2022"]
[Source "ChessBase"]
[SourceDate "2021.10.06"]
[SourceVersion "1"]
[SourceVersionDate "2021.10.06"]
[SourceQuality "1"]

1. d4 e6 2. c4 Nf6 3. Nc3 Bb4 4. f3 Nc6 5. e4 e5 6. dxe5 Bxc3+ 7. bxc3 Nxe5 8. Ba3 b6 9. c5 bxc5 10. Bxc5 d6 11. Bd4 0-0 12. Bd3 Qe7 13. Ne2 a5 14. 0-0 Nxd3 15. Qxd3 Ba6 16. Qd2 c5 17. Bf2 d5 18. Rfe1 dxe4 19. Ng3 Bb7 20. Qg5 h6 21. Qh4 Rfe8 22. Nxe4 Bxe4 23. fxe4 Qe5 24. Re3 Rad8 25. Bg3 Qe6 26. e5 Nd5 27. Rd3 Rd7 28. Rad1 Nb6 29. Rd6 Rxd6 30. Rxd6 Qxa2 31. Rxb6 Qa1+ 32. Kf2 Qxc3 33. Rd6 Qc2+ 34. Kf1 a4 35. Qf4 a3 36. Qd2 Qb1+ 37. Kf2 a2 38. Ra6 a1Q 39. Rxa1 Qxa1 40. Qd5 Qc3 41. Bf4 c4 42. h3 Qb2+ 43. Kg1 c3 44. Qd7 Re6 45. Qd8+ Kh7 46. Qd3+ Rg6 47. h4 Qxg2# 0-1

[Event "ESP-ch U16"]
[Site "Salobrena"]
[Date "2021.07.22"]
[Round "6"]
[White "Bethencourt Hernandez, Alberto"]
[Black "Juncosa Padros, Ernest"]
[Result "1/2-1/2"]
[WhiteElo "1586"]
[BlackElo "1826"]
[PlyCount "160"]
[EventDate "2021.07.19"]
[EventType "swiss"]
[EventRounds "9"]
[EventCountry "ESP"]
[SourceTitle "EXT 2022"]
[Source "ChessBase"]
[SourceDate "2021.10.06"]
[SourceVersion "1"]
[SourceVersionDate "2021.10.06"]
[SourceQuality "1"]

1. e4 c5 2. Nf3 e6 3. d4 cxd4 4. Nxd4 a6 5. Bd3 Nc6 6. Be3 Nf6 7. 0-0 Qc7 8. Nc3 Ne5 9. f4 Neg4 10. Qf3 Bc5 11. Nce2 d6 12. Kh1 Nxe3 13. Qxe3 Qb6 14. c3 e5 15. fxe5 dxe5 16. Qg5 Ng4 17. Qxg7 Rf8 18. b4 Be7 19. Nf5 Bxf5 20. Rxf5 Nf2+ 21. Rxf2 Qxf2 22. Qxe5 Rg8 23. Rg1 Rd8 24. Nd4 Qf6 25. Qh5 Bxb4 26. Rf1 Qg6 27. Qxg6 hxg6 28. Bc4 Rf8 29. Nc6 bxc6 30. cxb4 Rd4 31. Bxa6 Rxb4 32. e5 Ke7 33. h3 Ra8 34. a3 Rb2 35. Bc4 Rf8 36. Rf6 Rb1+ 37. Kh2 Re1 38. Rxc6 Rxe5 39. Rc7+ Kf6 40. a4 Ree8 41. Rc6+ Kg5 42. Rc7 f5 43. Bb5 Re1 44. Kg3 Re3+ 45. Kf2 Ra3 46. Rd7 Rc8 47. Rd6 Rc2+ 48. Kg1 Ra1+ 49. Kh2 f4 50. Rxg6+ Kxg6 51. Bd3+ Kg5 52. Bxc2 Ra2 53. Bb3 Rb2 54. Bd5 Rd2 55. Bf3 Ra2 56. Bc6 Rc2 57. Bd5 Kh4 58. Bb7 Rb2 59. Bc6 Rc2 60. Bb7 Ra2 61. Bc6 Rb2 62. Bf3 Rd2 63. Bc6 Re2 64. Bb7 Re7 65. Bc6 Re2 66. Bb7 Ra2 67. Bc6 Rf2 68. Bb7 Rc2 69. Bd5 Rc5 70. Be6 Re5 71. Bd7 Re7 72. Bc6 Rc7 73. Bd5 Rc5 74. Be6 Rc6 75. Bd5 Rc2 76. Bb7 Ra2 77. Bc6 Rb2 78. Bf3 Rb4 79. Bc6 Kg5 80. Kg1 Rb2 1/2-1/2

[Event "Llinars del Valles op 1st"]
[Site "Llinars del Valles"]
[Date "2021.06.29"]
[Round "5"]
[White "Juncosa Padros, Ernest"]
[Black "Melero Sanchez, Pere"]
[Result "1-0"]
[WhiteElo "1746"]
[BlackElo "1897"]
[PlyCount "53"]
[EventDate "2021.06.25"]
[EventType "swiss"]
[EventRounds "9"]
[EventCountry "ESP"]
[SourceTitle "CBM 203 Extra"]
[Source "ChessBase"]
[SourceDate "2021.09.30"]
[SourceVersion "1"]
[SourceVersionDate "2021.09.30"]
[SourceQuality "1"]

1. d4 Nf6 2. c4 e6 3. Nc3 Bb4 4. f3 d5 5. a3 Bxc3+ 6. bxc3 c5 7. cxd5 exd5 8. e3 0-0 9. Bd3 Re8 10. Ne2 b6 11. 0-0 Ba6 12. Ng3 Bxd3 13. Qxd3 Nc6 14. Bb2 Qc7 15. e4 dxe4 16. fxe4 Rad8 17. Rad1 Rd7 18. Qf3 Red8 19. Nf5 Ne8 20. e5 Qb7 21. e6 Rc7 22. d5 Ne5 23. Qg3 Rxd5 24. Rxd5 Qxd5 25. c4 Qxe6 26. Bxe5 Rd7 27. Nxg7 1-0

[Event "Llinars del Valles op 1st"]
[Site "Llinars del Valles"]
[Date "2021.06.25"]
[Round "1"]
[White "Juncosa Padros, Ernest"]
[Black "Cavalle Sanchez, Arnau"]
[Result "1-0"]
[WhiteElo "1746"]
[BlackElo "1209"]
[PlyCount "37"]
[EventDate "2021.06.25"]
[EventType "swiss"]
[EventRounds "9"]
[EventCountry "ESP"]
[SourceTitle "CBM 203 Extra"]
[Source "ChessBase"]
[SourceDate "2021.09.30"]
[SourceVersion "1"]
[SourceVersionDate "2021.09.30"]
[SourceQuality "1"]

1. d4 Nf6 2. c4 g6 3. Nc3 Bg7 4. e4 d6 5. Be2 Nbd7 6. Be3 e5 7. d5 0-0 8. g4 Qe7 9. h4 c6 10. h5 cxd5 11. cxd5 Nc5 12. f3 Bxg4 13. Bxc5 Bxh5 14. Be3 Nd7 15. Bd3 Nc5 16. Bc2 a6 17. Qd2 Rac8 18. Bh6 Qf6 19. Bg5 1-0

[Event "Catalunya-ch U10/20"]
[Site "Salou"]
[Date "2020.09.06"]
[Round "2"]
[White "Juncosa Padros, Ernest"]
[Black "Travesset Sagre, Jan"]
[Result "0-1"]
[WhiteElo "1796"]
[BlackElo "2093"]
[PlyCount "96"]
[EventDate "2020.09.05"]
[EventType "swiss"]
[EventRounds "8"]
[EventCountry "ESP"]
[SourceTitle "EXT 2023"]
[Source "ChessBase"]
[SourceDate "2022.10.05"]
[SourceVersion "1"]
[SourceVersionDate "2022.10.05"]
[SourceQuality "1"]

1. d4 d5 2. c4 Bf5 3. Nf3 dxc4 4. Nc3 Nf6 5. e3 e6 6. Bxc4 Be7 7. 0-0 0-0 8. Re1 Nc6 9. h3 Ne4 10. Bd3 Nxc3 11. bxc3 Bxd3 12. Qxd3 Na5 13. e4 c5 14. d5 exd5 15. exd5 c4 16. Qe4 Bf6 17. Bb2 Qd6 18. Rad1 b5 19. Nd4 g6 20. Nxb5 Qb6 21. Ba3 Qxb5 22. Bxf8 Rxf8 23. d6 Bxc3 24. d7 Bf6 25. Rd5 Qb6 26. Rb1 Qc6 27. f3 Nb7 28. Rdb5 Qxe4 29. fxe4 Nc5 30. Rd1 Nxe4 31. Rb4 Nc5 32. Rxc4 Ne6 33. Kf1 a5 34. Rd5 Bd8 35. Rc8 Kg7 36. Rd6 Kf6 37. Ke2 Ke7 38. Rd2 f5 39. Kf3 Rf6 40. Ra8 Ng5+ 41. Kf4 Ne4 42. Rd5 Re6 43. g4 Nf6 44. Rdxa5 Bxa5 45. Rxa5 fxg4 46. hxg4 Re4+ 47. Kf3 Rxg4 48. Ra6 Rd4 0-1

[Event "Moia op 8th"]
[Site "Moia"]
[Date "2019.11.08"]
[Round "6.5"]
[White "Juncosa Padros, Ernest"]
[Black "Clavel Oliveras, Guillem"]
[Result "1-0"]
[WhiteElo "1576"]
[BlackElo "1798"]
[PlyCount "47"]
[EventDate "2019.09.20"]
[EventType "swiss"]
[EventRounds "8"]
[EventCountry "ESP"]
[SourceTitle "EXT 2024"]
[Source "ChessBase"]
[SourceDate "2023.10.10"]
[SourceVersion "1"]
[SourceVersionDate "2023.10.10"]
[SourceQuality "1"]

1. d4 e6 2. c4 b6 3. Nc3 Bb4 4. Qc2 Bb7 5. e4 Qh4 6. Bd3 f5 7. d5 fxe4 8. Bxe4 Nf6 9. Bd3 exd5 10. g3 Qg4 11. f3 Qe6+ 12. Kf1 Bxc3 13. Qxc3 0-0 14. Bf4 d6 15. Re1 Qf7 16. Nh3 h6 17. Qc2 g5 18. Bg6 Qd7 19. Bf5 Qc6 20. Bh7+ Nxh7 21. Qg6+ Kh8 22. Re7 Qxc4+ 23. Kg2 Rf7 24. Rxf7 1-0

[Event "Moia op 8th"]
[Site "Moia"]
[Date "2019.10.18"]
[Round "3.9"]
[White "Juncosa Padros, Ernest"]
[Black "Mas Sayos, Lluis"]
[Result "1/2-1/2"]
[WhiteElo "1576"]
[BlackElo "1707"]
[PlyCount "55"]
[EventDate "2019.09.20"]
[EventType "swiss"]
[EventRounds "8"]
[EventCountry "ESP"]
[SourceTitle "EXT 2024"]
[Source "ChessBase"]
[SourceDate "2023.10.10"]
[SourceVersion "1"]
[SourceVersionDate "2023.10.10"]
[SourceQuality "1"]

1. c4 e5 2. g3 Nf6 3. Bg2 Bc5 4. Nc3 a6 5. e3 Nc6 6. a3 d6 7. Nge2 0-0 8. 0-0 Bg4 9. b4 Ba7 10. Qa4 Bxe2 11. Nxe2 d5 12. cxd5 Nxd5 13. Qb3 Nde7 14. Rd1 Rb8 15. Bb2 Ng6 16. Rac1 Nce7 17. d4 exd4 18. Nxd4 Qc8 19. Qc3 f6 20. Qxc7 Qg4 21. Bxb7 Bxd4 22. Rxd4 Qe2 23. Rc2 Rxb7 24. Qc3 Qf3 25. Qc4+ Kh8 26. Qxa6 Rbb8 27. Qd3 Ne5 28. Qd1 1/2-1/2

[Event "Moia op 8th"]
[Site "Moia"]
[Date "2019.09.20"]
[Round "1.5"]
[White "Juncosa Padros, Ernest"]
[Black "Urena Casacuberta, Lluis"]
[Result "1-0"]
[WhiteElo "1576"]
[BlackElo "1922"]
[PlyCount "65"]
[EventDate "2019.09.20"]
[EventType "swiss"]
[EventRounds "8"]
[EventCountry "ESP"]
[SourceTitle "EXT 2024"]
[Source "ChessBase"]
[SourceDate "2023.10.10"]
[SourceVersion "1"]
[SourceVersionDate "2023.10.10"]
[SourceQuality "1"]

1. d4 c5 2. d5 Nf6 3. c4 b5 4. cxb5 a6 5. bxa6 Bxa6 6. Nc3 g6 7. e4 Bxf1 8. Kxf1 d6 9. Nf3 Bg7 10. g3 0-0 11. Kg2 Nbd7 12. Qe2 Qb6 13. a4 Qb4 14. Re1 Ng4 15. Nd2 Nh6 16. Ra3 Rfb8 17. Rb3 Qxb3 18. Nxb3 Rxb3 19. h3 Nb6 20. Qc2 c4 21. Be3 Nxa4 22. Ra1 Nb6 23. Rxa8+ Nxa8 24. Ne2 Rxb2 25. Qxc4 Rb8 26. Nd4 Kf8 27. Nc6 Re8 28. Qc1 Ng8 29. Qb1 Nf6 30. Qb7 Nxe4 31. Nb8 Nc5 32. Qxa8 Nd7 33. Nxd7+ 1-0

[Event "Foment Martinenc op-B 21st"]
[Site "Barcelona"]
[Date "2019.06.22"]
[Round "9"]
[White "Juncosa Padros, Ernest"]
[Black "Ventura Codinas, Joan"]
[Result "1-0"]
[WhiteElo "1441"]
[BlackElo "1195"]
[PlyCount "63"]
[EventDate "2019.04.27"]
[EventType "swiss"]
[EventRounds "9"]
[EventCountry "ESP"]
[SourceTitle "EXT 2020"]
[Source "ChessBase"]
[SourceDate "2019.10.17"]
[SourceVersion "1"]
[SourceVersionDate "2019.10.17"]
[SourceQuality "1"]

1. d4 Nf6 2. c4 e6 3. Nc3 d5 4. Bg5 c6 5. e3 Be7 6. Nf3 Nbd7 7. cxd5 exd5 8. Bd3 Nf8 9. Ne5 Ne6 10. Bh4 g6 11. Rb1 a5 12. a3 Nd7 13. Bxe7 Qxe7 14. Nxd7 Bxd7 15. 0-0 0-0 16. Na4 Qd8 17. Qc2 Ng5 18. Nc5 Bc8 19. b4 Nf3+ 20. gxf3 Bh3 21. Kh1 Qf6 22. f4 g5 23. Rg1 g4 24. Nd7 Qg7 25. Nxf8 Rxf8 26. Bf5 h5 27. f3 Kh8 28. fxg4 hxg4 29. Rg3 Rg8 30. Rbg1 Qh6 31. Bxg4 Bxg4 32. Rxg4 1-0

[Event "Barcelona 150 aniversity 2"]
[Site "Barcelona"]
[Date "2019.06.07"]
[Round "7.3"]
[White "Orriols Codina, Joan"]
[Black "Juncosa Padros, Ernest"]
[Result "1/2-1/2"]
[WhiteElo "1669"]
[BlackElo "1441"]
[PlyCount "52"]
[EventDate "2019.04.26"]
[EventType "swiss"]
[EventRounds "9"]
[EventCountry "ESP"]
[SourceTitle "EXT 2024"]
[Source "ChessBase"]
[SourceDate "2023.10.10"]
[SourceVersion "1"]
[SourceVersionDate "2023.10.10"]
[SourceQuality "1"]

1. d4 d5 2. c4 e6 3. Bf4 c6 4. e3 Nf6 5. Nc3 Bd6 6. Bxd6 Qxd6 7. Nf3 Nbd7 8. Rc1 0-0 9. c5 Qc7 10. Bd3 b6 11. b4 a5 12. a3 axb4 13. axb4 Ba6 14. 0-0 Bxd3 15. Qxd3 Ra3 16. Qc2 b5 17. Qb2 Rfa8 18. Nd2 Ng4 19. g3 h5 20. Nb3 R3a7 21. Ra1 f6 22. Rxa7 Rxa7 23. Ra1 Rxa1+ 24. Qxa1 h4 25. Ne2 hxg3 26. hxg3 Qb7 1/2-1/2

[Event "Barcelona 150 aniversity 2"]
[Site "Barcelona"]
[Date "2019.05.17"]
[Round "4.5"]
[White "Juncosa Padros, Ernest"]
[Black "Montserrat Rubia, Angel"]
[Result "1-0"]
[WhiteElo "1441"]
[BlackElo "1639"]
[PlyCount "117"]
[EventDate "2019.04.26"]
[EventType "swiss"]
[EventRounds "9"]
[EventCountry "ESP"]
[SourceTitle "EXT 2024"]
[Source "ChessBase"]
[SourceDate "2023.10.10"]
[SourceVersion "1"]
[SourceVersionDate "2023.10.10"]
[SourceQuality "1"]

1. d4 d5 2. c4 e6 3. Nc3 Nf6 4. Bg5 Be7 5. Nf3 h6 6. Bh4 c5 7. cxd5 exd5 8. e3 c4 9. Be2 0-0 10. 0-0 Nbd7 11. Ne5 Ne4 12. Bxe7 Nxc3 13. Bxd8 Nxd1 14. Raxd1 Rxd8 15. e4 Nxe5 16. dxe5 Be6 17. exd5 Bxd5 18. a4 Rac8 19. Rd4 Be6 20. Rdd1 Kf8 21. f4 g6 22. a5 Ke7 23. Kf2 Rxd1 24. Rxd1 Rd8 25. Rxd8 Kxd8 26. Ke3 b5 27. axb6 axb6 28. Kd4 b5 29. Kc5 Bd7 30. g4 g5 31. f5 Ke7 32. Bf3 Kd8 33. Bb7 h5 34. h3 Kc7 35. Ba6 hxg4 36. hxg4 Bc6 37. Bxb5 Bf3 38. Bxc4 Bxg4 39. f6 Bh5 40. e6 fxe6 41. Bxe6 Kd8 42. Kd6 Ke8 43. b4 Bf3 44. f7+ Kf8 45. Ke5 Be2 46. Kf5 g4 47. Kf4 g3 48. Kxg3 Bh5 49. b5 Bxf7 50. Bxf7 Ke7 51. b6 Kd6 52. Bd5 Kd7 53. Ba8 Kc8 54. b7+ Kc7 55. Kf4 Kb8 56. Ke5 Kc7 57. Ke6 Kb8 58. Kd7 Ka7 59. Kc7 1-0

[Event "Barcelona 150 aniversity 2"]
[Site "Barcelona"]
[Date "2019.05.03"]
[Round "2.5"]
[White "Berengeno Vierge, Rodolfo"]
[Black "Juncosa Padros, Ernest"]
[Result "1-0"]
[WhiteElo "1669"]
[BlackElo "1441"]
[PlyCount "59"]
[EventDate "2019.04.26"]
[EventType "swiss"]
[EventRounds "9"]
[EventCountry "ESP"]
[SourceTitle "EXT 2024"]
[Source "ChessBase"]
[SourceDate "2023.10.10"]
[SourceVersion "1"]
[SourceVersionDate "2023.10.10"]
[SourceQuality "1"]

1. Nf3 d5 2. g3 Nf6 3. Bg2 g6 4. b3 Bg7 5. Bb2 0-0 6. 0-0 Bg4 7. d3 c5 8. Nbd2 Nc6 9. h3 Be6 10. Re1 Qd7 11. Ng5 Nh5 12. Bxg7 Nxg7 13. Nxe6 Nxe6 14. Nf3 Rad8 15. e4 dxe4 16. Rxe4 Qc7 17. Qe1 Rfe8 18. Rd1 Ned4 19. Nxd4 Nxd4 20. Rd2 e5 21. f4 f6 22. fxe5 Rxe5 23. Rxe5 fxe5 24. Be4 Rf8 25. Rf2 Rxf2 26. Qxf2 b6 27. Qf6 Nxc2 28. Bd5+ Qf7 29. Qxf7+ Kh8 30. Qg8# 1-0

[Event "Foment Martinenc op-C 20th"]
[Site "Barcelona"]
[Date "2018.04.21"]
[Round "1"]
[White "Juncosa Padros, Ernest"]
[Black "Rodriguez Collado, Alex"]
[Result "0-1"]
[WhiteElo "1566"]
[BlackElo "1719"]
[PlyCount "116"]
[EventDate "2018.04.21"]
[EventType "swiss"]
[EventRounds "9"]
[EventCountry "ESP"]
[SourceTitle "CBM 184 Extra"]
[Source "ChessBase"]
[SourceDate "2018.06.28"]
[SourceVersion "1"]
[SourceVersionDate "2018.06.28"]
[SourceQuality "1"]

1. d4 d5 2. c4 c6 3. cxd5 cxd5 4. Nc3 e6 5. Nf3 Bb4 6. Bd2 Bd7 7. e3 Nf6 8. Bd3 0-0 9. Qc2 Nc6 10. 0-0 Ne7 11. Rac1 Rc8 12. Qb1 Ng6 13. Rfd1 Bc6 14. a3 Bxc3 15. Bxc3 Ne4 16. Bb4 Re8 17. Bxe4 dxe4 18. Ne5 Bd5 19. Rxc8 Qxc8 20. Nxg6 hxg6 21. Rc1 Qb8 22. Rc3 Kh7 23. Qc2 Bc6 24. a4 Rh8 25. g3 Qd8 26. Rc4 Kg8 27. Be1 Qg5 28. Qe2 Qh6 29. f4 exf3 30. Qf2 g5 31. Qc2 g4 32. b4 Qxe3+ 33. Kf1 Qe2+ 34. Qxe2 fxe2+ 35. Kxe2 Rxh2+ 36. Ke3 Rh3 37. b5 Bd5 38. Rc7 Kf8 39. a5 g5 40. a6 bxa6 41. bxa6 Rh2 42. Rxa7 Ra2 43. Bd2 Kg7 44. Kd3 Kf6 45. Bb4 e5 46. Be7+ Kf5 47. dxe5 Kxe5 48. Bxg5 Be4+ 49. Ke3 Ra3+ 50. Kf2 Rf3+ 51. Kg2 Rf5+ 52. Kh2 Rxg5 53. Re7+ Kd4 54. a7 Ra5 55. Rxf7 Ke3 56. Rd7 Ra2+ 57. Kg1 Ra1+ 58. Kh2 Rh1# 0-1